Statistiques concernant INFLUENCEURS, Squeezie - Paroles

Cliquez ici pour prendre le quiz!

Statistiques générales

  • Ce quiz a été pris 86 fois
    (85 depuis la dernière actualisation)
  • Le résultat moyen est 119 sur 344

Statistiques - réponses

Paroles% Correct
T'
81%
t'
81%
J'
76%
j'
76%
l'
76%
m'
76%
c'
73%
à
71%
es
71%
d'
65%
je
60%
Le
55%
le
55%
la
49%
ma
48%
est
47%
influence
47%
qu'
47%
de
45%
suis
45%
et
44%
Influenceur
44%
les
44%
moi
43%
pas
43%
mon
41%
Mes
37%
mes
37%
pour
37%
Pour
37%
vous
37%
des
36%
Fais
36%
fais
36%
gens
35%
vie
35%
du
33%
grands
33%
on
33%
On
33%
petits
33%
Ça
32%
ça
32%
en
32%
que
32%
inspire
31%
make-up
31%
qui
31%
veux
31%
Jeune
29%
tout
29%
Tout
29%
va
29%
brillant
28%
dans
28%
déprimant
28%
mois
28%
monde
28%
quand
28%
sans
28%
belle
27%
combien
27%
enfin
27%
être
27%
fame
27%
gagne
27%
plus
27%
quantité
27%
responsabilités
27%
sont
27%
amis
25%
aux
25%
bande
25%
dire
25%
donc
25%
flemme
25%
médias
25%
parle
25%
sûr
25%
sur
25%
tu
25%
abo'
24%
autres
24%
Bien
24%
démo
24%
devenu
24%
filles
24%
regardez
24%
as
23%
certif'
23%
dis
23%
enfants
23%
famille
23%
geek
23%
Influenceurs
23%
lui
23%
Parent
23%
peine
23%
pense
23%
plais
23%
vite
23%
vues
23%
Amérique
21%
débiles
21%
défauts
21%
mais
21%
Merci
21%
ne
21%
parents
21%
plaire
21%
si
21%
trucs
21%
vais
21%
abdo'
20%
concurrents
20%
conventions
20%
cup
20%
débauche
20%
temps
20%
toutes
20%
Twitter
20%
viennent
20%
vivre
20%
world
20%
atteris
19%
beau
19%
idées
19%
mère
19%
pote
19%
Quel
19%
trop
19%
durer
17%
explique
17%
faire
17%
Maldives
17%
même
17%
moins
17%
plaisir
17%
Story
17%
taff
17%
trouverez
17%
vlog
17%
Addiction
16%
défilent
16%
gonfle
16%
montre
16%
work-out
16%
change
15%
chiffres
15%
folie
15%
pub
15%
rit
15%
savoir
15%
tendance
15%
voudrais
15%
algorithme
13%
avis
13%
Dites
13%
face
13%
habits
13%
succombera
13%
balèze
12%
changes
12%
clique
12%
critique
12%
Fashion
12%
likes
12%
lip
12%
pseudo
12%
rester
12%
faut
11%
Noël
11%
raconte
11%
ragots
11%
Riche
11%
Innover
9%
thème
9%
vendre
9%
veulent
9%
dub
8%
malaise
8%
marchera
8%
abolir
7%
Commerciaux
7%
fuis
4%
Vendeurs
4%

Distribution des résultats

Percentile par nombre de réponses

% des personnes avec chaque résultat

Votre développement - résultats

Vous n’avez pas pris ce quiz depuis la dernière actualisation